| 000 | 00393nam a2200145 a 4500 | ||
|---|---|---|---|
| 005 | 20140414093845.0 | ||
| 008 | 091105s19uu xx 00 eng d | ||
| 050 |
_aCD 468.2 _bSPA 2009 |
||
| 100 | _aAparicio, Eduardo | ||
| 245 |
_a101 Spanish proverbs / _cEduardo Aparicio. |
||
| 260 |
_aNew York : _bMcGraw Hill, _cc2009. |
||
| 650 | _aProverbs, Spanish. | ||
| 942 | _cAVM | ||
| 999 |
_c109540 _d109540 |
||